Normal view MARC view
  • Arias Álvarez, Beatriz

Entry Nombre Personal

Number of records used in: 2

001 - NUMERO DE CONTROL

  • campo de control: 35877

003 - IDENTIFICADOR DE NUMERO DE CONTROL

  • campo de control: UPN

005 - FECHA Y HORA DE LA ÜLTIMA TRANSACCIÓN

  • campo de control: 20220825095518.0

008 - DATOS DE LONGITUD FIJA

  • campo de control de longitud fija: 220825n||acannaabn | aaa |d

035 ## - NUMERO DE CONTROL

  • Número de control: UPN11000007984

040 ## - FUENTE DE CATALOGACIÓN

  • Agencia original de catalogación: UPN
  • Lenguaje de catalogación: spa
  • Agencia de transcripción: UPN

100 1# - ENCABEZAMIENTO - NOMBRE PERSONAL

  • Nombre personal: Arias Álvarez, Beatriz

670 ## - FUENTE EN LA QUE SE LOCALIZARON DATOS

  • Cita de la fuente: El español de México en el siglo XVI, 1997:
  • Información localizada: portada (Beatriz Arias Álvarez)

902 ## - CATALOGADOR

  • Catalogador: MCM/290914